000
00319nam a2200133Ia 4500
005
20260328101522.0
008
260328s9999||||xx |||||||||||||| ||und||
100
_a
Segawa, Hugo
245
0
_a
O conjunto KKKK /
_c
Hugo Segawa
260
_b
Grupo Takano
300
_a
96 p.
650
_a
ARQUITECTURA REGIONAL
942
_c
BK
999
_c
9643
_d
9643